LEADER 00999cam0 2200265 450 001 E600200014504 005 20201214090858.0 100 $a20051110d1971 |||||ita|0103 ba 101 $aita 102 $aIT 200 1 $aPsicologia ed epistemologia. Per una teoria della conoscenza$fJean Piaget 210 $aTorino$cLoescher$d1971 215 $aXII,170 p.$d19 cm 225 2 $a Testi di filosofia$xpedagogia e didattica$hNuova Serie$hAttualitą pedagogiche 410 1$1001LAEC00021644$12001 $a* Testi di filosofia, pedagogia e didattica. Nuova Serie. Attualitą pedagogiche 700 1$aPiaget$b, Jean$3AF00006163$4070$024722 801 0$aIT$bUNISOB$c20201214$gRICA 850 $aUNISOB 852 $aUNISOB$j150$m16143 912 $aE600200014504 940 $aM 102 Monografia moderna SBN 941 $aM 957 $a150$b000392$gSi$d16143$racquisto$1pregresso3$2UNISOB$3UNISOB$420051110091500.0$520190604113451.0$6Spinosa 996 $aPsychologie et epistemologie$913109 997 $aUNISOB